|
|
|
|
| LEADER |
01358nam a22003614a 4500 |
| 001 |
EBC3050485 |
| 003 |
MiAaPQ |
| 005 |
20200520144314.0 |
| 006 |
m o d | |
| 007 |
cr cn||||||||| |
| 008 |
001031s2000 dcua sb 000 0 eng |
| 010 |
|
|
|z 00053380
|
| 020 |
|
|
|z 0821348736
|
| 035 |
|
|
|a (MiAaPQ)EBC3050485
|
| 035 |
|
|
|a (Au-PeEL)EBL3050485
|
| 035 |
|
|
|a (CaPaEBR)ebr5007401
|
| 035 |
|
|
|a (CaONFJC)MIL8716
|
| 035 |
|
|
|a (OCoLC)317595554
|
| 040 |
|
|
|a MiAaPQ
|c MiAaPQ
|d MiAaPQ
|
| 050 |
|
4 |
|a HC460.C3
|b O77 2000
|
| 082 |
0 |
4 |
|a 338.9599/05
|2 21
|
| 245 |
0 |
0 |
|a Opportunities for the Philippines
|h [electronic resource].
|
| 246 |
3 |
0 |
|a Philippines
|
| 260 |
|
|
|a Washington, D.C. :
|b World Bank :
|b Public-Private Infrastructure Advisory Facility,
|c 2000.
|
| 300 |
|
|
|a vi, 69 p. :
|b ill.
|
| 490 |
0 |
|
|a Country framework report: private solutions for infrastructure
|
| 504 |
|
|
|a Includes bibliographical references (p. 69).
|
| 533 |
|
|
|a Electronic reproduction. Ann Arbor, MI : ProQuest, 2015. Available via World Wide Web. Access may be limited to ProQuest affiliated libraries.
|
| 650 |
|
0 |
|a Infrastructure (Economics)
|z Philippines.
|
| 650 |
|
0 |
|a Privatization
|z Philippines.
|
| 655 |
|
4 |
|a Electronic books.
|
| 710 |
2 |
|
|a ProQuest (Firm)
|
| 856 |
4 |
0 |
|u https://ebookcentral.proquest.com/lib/matrademy/detail.action?docID=3050485
|z Click to View
|